Dil̀ogos y debates de la investigacin̤ jurd̕ica y sociojurd̕ica en Nariǫ

Detalles Bibliográficos
Autor principal: Camacho Vinueza, Daniela
Otros Autores: Casanova Meja̕, Andrea Carolina, Hernǹdez Silva, Romel Armando, Ruiz Quintero, Jimmy Ancibal
Formato: eBook
Lenguaje:español
Publicado: Medelln̕: Universidad Cooperativa de Colombia, 2020
Materias:
Acceso en línea:Acceso restringido

MARC

LEADER 00000nam a22000007a 4500
005 20200806005036.0
007 cr|||| ||||
008 200806s2020 co |||||s|||| 00||0 spa d
020 |a 978-958-760-233-3 
035 |a 32060 
040 |a vLex 
090 |c 10720  |d 10720 
100 1 |a Camacho Vinueza, Daniela 
245 1 0 |a Dil̀ogos y debates de la investigacin̤ jurd̕ica y sociojurd̕ica en Nariǫ  |h [Recurso electrn̤ico] /  |c Daniela Camacho Vinueza, Andrea Carolina Casanova Meja̕, Romel Armando Hernǹdez Silva, Jimmy Ancibal Ruiz Quintero 
256 |a Servicio en ln̕ea 
260 |a Medelln̕:  |b Universidad Cooperativa de Colombia,  |c 2020 
300 |a 1 recurso electrn̤ico 
500 |a Este libro est ̀dividido en dos partes temt̀icas. La primera aborda las discusiones ms̀ recientes en torno a los debates contemporǹeos del derecho. Se tocan temas relacionados con el derecho laboral —derechos laborales y de trabajadoras sexuales—; el derecho privado —adoctrinamiento religioso—, la teora̕ y filosofa̕ del derecho —democracia, Estado de derecho y responsabilidades del legislador—; y la relacin̤ del derecho con la educacin̤ en torno a la paz y el respeto a la diversidad. La segunda parte est ̀dedicada al derecho y las luchas sociales: las polt̕icas de seguridad privada y el monopolio de la violencia legt̕ima en las zonas afectadas por el conflicto armando; la reforma agraria desde una perspectiva histr̤ica y econm̤ica; los derechos de la naturaleza; el papel de la etnoeducacin̤ en las dinm̀icas de empoderamiento de la poblacin̤ indg̕ena y afrocolombiana; y la importancia del desarrollo sostenible en el fomento y uso de las energa̕s renovables no convencionales. Los temas tratados en se abordan desde perspectivas econm̤icas, sociolg̤icas, filosf̤icas y jurd̕icas, lo que permite que el debate en torno a las realidades narięnses resulte de fc̀il comprensin̤ y anl̀isis para los diferentes lectores. Palabras clave: comunidades afrocolombianas, comunidades indg̕enas, derecho al medio ambiente, derecho laboral, derechos de la naturaleza, etnoeducacin̤, Nariǫ. 
506 1 |a Disponible solo en los productos indicados  |d vLex Global  |d vLex Global (Academic Edition, excluding Law Schools)  |d vLex Global (U.S. Academic Edition, Law Schools)  |d vLex Global (U.S. Academic Edition, excluding Law Schools)  |d vLex Global (Academic Edition, Law Schools) 
650 0 4 |a Derecho Pb︢lico y Administrativo  |z Colombia 
700 1 |a Casanova Meja̕, Andrea Carolina 
700 1 |a Hernǹdez Silva, Romel Armando 
700 1 |a Ruiz Quintero, Jimmy Ancibal 
740 0 |a vLex Libros (Servicio en ln̕ea) 
856 4 0 |u http://vlex.com/source/dialogos-y-debates-de-la-investigacion-juridica-y-sociojuridica-en-nari-o-32060  |z Acceso restringido 
942 |c BOOK 
999 0 |a Public and Administrative Law